000 00586nam a2200241Ia 4500
005 20260320200946.0
008 008 262003s9999 xx 000 0 eng d
037 _aEBOOK
040 _aCRL
040 _beng
040 _cCRL
041 _2eng
041 _aeng
084 _qCRL
100 _aMutafelija
_91133891
245 0 _aSystematic Process Improvement using ISO 9000:2000 and CMMI
260 _bIEEE
260 _c2003
856 _uhttps://ieeexplore.ieee.org/servlet/opac?bknumber=9100338
942 _cEBOOK
999 _c1717917
_d1717917